1578 1164 1514 1060 1563 1458 1900 1475 1024 1000 1122 1711 1294 1176 1563 1680 1593 1946 1582 1893 1896 1233 1529 1117 1376 1964 1785 1424 1695 1666 1838 1399 1190 1537 1350 1918 1780 1039 1861 1862 1276 1735 1500 1140 1759 1452 1152 1026 1195 1114 1994 1790 1184 1081 1988 1280 1768 1324 1172 1463 1270 1527 1767 1765 1117 1507 1913 1884 1126 1140 1908 1378 1435 1944 1167 1539 1321 1860 1620 1050 1505 1847 1854 1513 1695 1095 1073 1278 1175 1117 1627 1780 1723 1036 1265 1078 1644 1186 1656 BCNSPRNW ULIB Ver.6.0+V

เปลี่ยนเป็นภาษาไทย

Change to English
 แสดงรายละเอียดบรรณานุกรม
  กลับหน้าหลัก

Brief Record : Get Marc (ISO 2709) : E-mail record : QR code < ปิดหน้าต่าง
LEADER : 00000nam 2200000uu 4500
001    13399112422
003     ULIB
008    110815s2549||||th 000 0 tha d
020    9746434322 (เล่ม 1)
040    cl
060 04 HM263^bม246ส ล.1 2549
245 00 เอกสารการสอนชุดวิชา สุขศึกษาและการประชาสัมพันธ์งานสาธารณสุข หน่วยที่ 1-8=^bHealth education and public relations for public health work /^cอดิศักด์ สัตย์ธรรม ... [และคนอื่นฯ]
246 31 Health education and public relations for public health work
250    ปรับปรุงครั้งที่ 1 พิมพ์ครั้งที่ 6
260    นนทบุรี :^bสำนักพิมพ์มหาวิทยาลัยสุโขทัยธรรมาธิราช,^c2549
300    2 เล่ม :^bภาพประกอบ ;^c30 ซม.
650  4 การประชาสัมพันธ์
650  4 การประชาสัมพันธ์^xสาธารณสุข
650  4 สาธารณสุข
945    ^p0^l0^i022855
945    ^p0^l0^i022856
945    ^p0^l0^i022857
945    ^p0^l0^i022858
995    ทศพร
999 ^a ทศพร
รายการนี้ยังไม่มีแท็ก
คุณยังไม่ได้ล็อกอิน คุณสามารถมีกิจกรรมร่วมกับเว็บไซต์ได้ แต่ต้องล็อกอินก่อน ::
  ล็อกอิน

รายการสื่อสารสนเทศ

ลำดับที่ ประเภท เลขเรียก/บาร์โค้ด สถานที่ สถานะ
- ไม่พบข้อมูล -

รายการใกล้เคียง
    หัวเรื่อง [การประชาสัมพันธ์]
    หัวเรื่อง [สาธารณสุข]

BibComment


ยังไม่เคยถูกคอมเมนท์

คอมเมนท์ทรัพยากรรายการนี้
  คอมเมนท์: เอกสารการสอนชุดวิ..


 Copyright 2026. Bcnsprnw @Library